000 01584nam a22002417a 4500
005 20221222145510.0
008 221222b ||||| |||| 00| 0 eng d
020 _a8120800613
040 _cAL
041 _aeng
082 _223
_a294.52
_bHALA
100 _aWash Edward Hale
_967589
245 _aAsura:
_bIn early vedic religion
260 _aDelhi
_bMotilal Banarsidass
_c1986
300 _axvi,226p.
_bHB
_c22x14cm.
365 _2Religion
_b85.00
_c
_d85.00
520 _aIn the Rig Veda, the word asura is used frequently as an epithet for various deities. Rather, this word generally in used in later Sanskrit as a class of demons who are enemies of the gods. A careful study of evolution from the Vedic period. reprints a classic. Being and Meaning is a comparative study of the concepts of Being and Language in Bhartrhari and Martin Heidegger, emphasising the universality of their thinking. Language in Bhartrhari's vision is the medium of the self-expression for the Ultimate Reality (Sabdatattva). In Heidegger's thinking language is the Original Utterance (Sage) which Being speaks to man. Being expresses itself in language, and phenomena in the world occur simultaneously with the occurrence of language. Bhartrhari and Heidegger lead one to the belonging togetherness of Being and being beyond all conceptualizing, transcending the bounds of Orient and Occident.
650 _aTheories About Asura
_967590
650 _aAsura in the Sama Veda
_967591
650 _aAsura in the Brahmanas
_967592
700 _aHALE (Wash Edward)
_967593
942 _2ddc
_cDB
999 _c226059
_d226059